000 00282nam a2200133Ia 4500
100 _aArbeitsstelle
650 _aGeneral
942 _cBK
654 _aLeaflets
245 _aInformation Leaflets
260 _bBeuth- Vertrieb GMBH
_aBerlin
082 _a621.9
546 _aENGLISH
999 _c33246
_d33246